[Event "BL2-Sued 2122"]
[Site "Germany"]
[Date "2022.07.02"]
[Round "9.1"]
[White "Doric, Darko"]
[Black "Kuklin, Valentin"]
[Result "1/2-1/2"]
[WhiteElo "2481"]
[BlackElo "2382"]
[PlyCount "33"]
[EventDate "2022.03.05"]
[EventType "team-tourn"]
[EventRounds "10"]
[EventCountry "GER"]
[SourceTitle "EXT 2023"]
[Source "ChessBase"]
[SourceDate "2022.10.05"]
[SourceVersion "1"]
[SourceVersionDate "2022.10.05"]
[SourceQuality "1"]
[WhiteTeam "Schoenaich"]
[BlackTeam "Boeblingen"]
[WhiteTeamCountry "GER"]
[BlackTeamCountry "GER"]

1. d4 Nf6 2. Bg5 c5 3. d5 d6 4. Nc3 g6 5. e4 Bg7 6. Nf3 Qb6 7. Bd2 0-0 8. Bc4 Re8 9. 0-0 e6 10. Re1 Na6 11. Rb1 exd5 12. Nxd5 Nxd5 13. exd5 Bf5 14. a3 Qc7 15. Bf4 Rxe1+ 16. Nxe1 Re8 17. Bg3 1/2-1/2

[Event "BL2-Sued 2122"]
[Site "Germany"]
[Date "2022.06.19"]
[Round "8.2"]
[White "Kuklin, Valentin"]
[Black "Nasshan, Dennis"]
[Result "1/2-1/2"]
[WhiteElo "2382"]
[BlackElo "2291"]
[PlyCount "88"]
[EventDate "2022.03.05"]
[EventType "team-tourn"]
[EventRounds "10"]
[EventCountry "GER"]
[SourceTitle "EXT 2023"]
[Source "ChessBase"]
[SourceDate "2022.10.05"]
[SourceVersion "1"]
[SourceVersionDate "2022.10.05"]
[SourceQuality "1"]
[WhiteTeam "Boeblingen"]
[BlackTeam "Worms"]
[WhiteTeamCountry "GER"]
[BlackTeamCountry "GER"]

1. e4 c6 2. Nc3 d5 3. Nf3 Nf6 4. e5 Ne4 5. Ne2 Qb6 6. d4 e6 7. Ng3 c5 8. Bd3 Nxg3 9. hxg3 Nc6 10. c3 cxd4 11. cxd4 Bd7 12. Bb1 Bb4+ 13. Kf1 Be7 14. b3 h6 15. Bb2 0-0-0 16. Bd3 Nb4 17. Rc1+ Kb8 18. a4 Nxd3 19. Qxd3 Rc8 20. Rb1 Qc6 21. Ke2 Qc2+ 22. Nd2 Qxd3+ 23. Kxd3 Rhd8 24. Rhc1 Be8 25. Rxc8+ Kxc8 26. Rc1+ Kd7 27. g4 f6 28. f4 Bg6+ 29. Ke3 Bb4 30. Nf3 Be4 31. Nd2 Bxg2 32. Rg1 Bxd2+ 33. Kxd2 Be4 34. Ba3 Rc8 35. Rc1 Rxc1 36. Kxc1 Ke8 37. a5 Bf3 38. g5 fxg5 39. fxg5 h5 40. Kd2 Be4 41. Ke3 Bc2 42. Bc5 a6 43. b4 h4 44. Kf3 Bf5 1/2-1/2

[Event "BL2-Sued 2122"]
[Site "Germany"]
[Date "2022.06.18"]
[Round "7.2"]
[White "Gschnitzer, Adrian"]
[Black "Kuklin, Valentin"]
[Result "1-0"]
[WhiteElo "2439"]
[BlackElo "2382"]
[PlyCount "76"]
[EventDate "2022.03.05"]
[EventType "team-tourn"]
[EventRounds "10"]
[EventCountry "GER"]
[SourceTitle "EXT 2023"]
[Source "ChessBase"]
[SourceDate "2022.10.05"]
[SourceVersion "1"]
[SourceVersionDate "2022.10.05"]
[SourceQuality "1"]
[WhiteTeam "Walldorf"]
[BlackTeam "Boeblingen"]
[WhiteTeamCountry "GER"]
[BlackTeamCountry "GER"]

1. e4 e6 2. d4 d5 3. Nc3 dxe4 4. Nxe4 Nd7 5. Nf3 Ngf6 6. Bg5 h6 7. Nxf6+ Nxf6 8. Be3 Nd5 9. Bd2 c5 10. Bb5+ Bd7 11. Bxd7+ Qxd7 12. Ne5 Qc7 13. c4 cxd4 14. Qa4+ Ke7 15. f4 Nb6 16. Qa3+ Ke8 17. Qd3 Bd6 18. 0-0 Bxe5 19. fxe5 Rd8 20. b3 Qxe5 21. Rae1 Qc5 22. a4 Qc6 23. Bb4 Nc8 24. Qg3 Rg8 25. Qf4 Rd7 26. Re5 b6 27. c5 f6 28. cxb6 Nxb6 29. Rc5 Qb7 30. Qg4 Kf7 31. Qh5+ g6 32. Qxh6 Nd5 33. Rb5 Qc6 34. Rb8 e5 35. Qh7+ Rg7 36. Rf8+ Ke6 37. Qh3+ f5 38. R8xf5 gxf5 1-0

[Event "World Corporate East F"]
[Site "Chess.com INT"]
[Date "2021.02.20"]
[Round "5.2"]
[White "Warakomski, Tomasz"]
[Black "Kuklin, Valentin"]
[Result "1-0"]
[WhiteElo "2510"]
[BlackElo "2382"]
[PlyCount "77"]
[EventDate "2021.02.19"]
[EventType "team (rapid)"]
[EventRounds "7"]
[EventCountry "USA"]
[SourceTitle "EXT 2022"]
[Source "ChessBase"]
[SourceDate "2021.10.06"]
[SourceVersion "1"]
[SourceVersionDate "2021.10.06"]
[SourceQuality "1"]
[WhiteTeam "Emphie Solutions"]
[BlackTeam "Bosch"]
[WhiteTeamCountry "POL"]
[BlackTeamCountry "GER"]

1. e4 e6 2. d4 d5 3. Nc3 Nf6 4. Bg5 Bb4 5. e5 h6 6. Bd2 Bxc3 7. bxc3 Ne4 8. Bc1 c5 9. Ne2 Qa5 10. f3 Nxc3 11. Qd2 cxd4 12. Nxd4 Nc6 13. Nb3 Qb4 14. a3 Qh4+ 15. g3 Qh5 16. Qxc3 Qxe5+ 17. Qxe5 Nxe5 18. f4 Ng4 19. Bd3 Bd7 20. Bb2 0-0 21. Ke2 Rac8 22. a4 Rc7 23. Bd4 a6 24. h3 Nf6 25. Be5 Rcc8 26. Rhb1 Ne4 27. Bxe4 dxe4 28. c3 f6 29. Bd4 e5 30. fxe5 fxe5 31. Bxe5 Bxh3 32. Nd2 e3 33. Rxb7 exd2 34. Rxg7+ Kh8 35. Rh1 Rcd8 36. Re7+ Kg8 37. Bd4 Bg2 38. Rg7+ Kh8 39. Rxh6# 1-0

[Event "Titled Tuesday intern op 19th May"]
[Site "Chess.com INT"]
[Date "2020.05.19"]
[Round "5"]
[White "Kuklin, Valentin"]
[Black "Ghimpu, Samuel Timotei"]
[Result "0-1"]
[WhiteElo "2384"]
[BlackElo "2302"]
[PlyCount "72"]
[EventDate "2020.05.19"]
[EventType "swiss (blitz)"]
[EventRounds "10"]
[EventCountry "USA"]
[SourceTitle "EXT 2021"]
[Source "ChessBase"]
[SourceDate "2020.10.23"]
[SourceVersion "1"]
[SourceVersionDate "2020.10.23"]
[SourceQuality "1"]

1. e4 e6 2. d4 d5 3. Nd2 c5 4. exd5 Qxd5 5. Ngf3 cxd4 6. Nb3 Bb4+ 7. Bd2 Bd6 8. Nfxd4 Nf6 9. Nb5 0-0 10. Nxd6 Qxd6 11. Bc3 Nd5 12. Bc4 Nc6 13. 0-0 b6 14. Bxd5 Qxd5 15. Qxd5 exd5 16. Nd4 Nxd4 17. Bxd4 Be6 18. Rfe1 Rfc8 19. c3 b5 20. Re3 a5 21. Rae1 Kf8 22. h3 b4 23. f4 h5 24. f5 Bxf5 25. Re5 Be4 26. Rxh5 f6 27. g4 Kf7 28. g5 Kg6 29. Rh4 Kxg5 30. Rg4+ Kh6 31. Kf2 bxc3 32. Reg1 g5 33. Bxf6 Rf8 34. Rxg5 Rxf6+ 35. Ke3 cxb2 36. R5g4 Rg6 0-1

[Event "Titled Tuesday intern op 19th May"]
[Site "Chess.com INT"]
[Date "2020.05.19"]
[Round "9"]
[White "Skatchkov, Valery"]
[Black "Kuklin, Valentin"]
[Result "1-0"]
[WhiteElo "2242"]
[BlackElo "2384"]
[PlyCount "122"]
[EventDate "2020.05.19"]
[EventType "swiss (blitz)"]
[EventRounds "10"]
[EventCountry "USA"]
[SourceTitle "EXT 2021"]
[Source "ChessBase"]
[SourceDate "2020.10.23"]
[SourceVersion "1"]
[SourceVersionDate "2020.10.23"]
[SourceQuality "1"]

1. d4 Nf6 2. Nf3 c5 3. d5 e6 4. c4 exd5 5. cxd5 d6 6. Nc3 g6 7. Bf4 a6 8. a4 Bg7 9. e3 0-0 10. h3 Qe7 11. Nd2 Nbd7 12. Nc4 Ne8 13. Be2 Ne5 14. Nb6 Rb8 15. a5 f5 16. Bh2 g5 17. 0-0 f4 18. exf4 gxf4 19. Bf3 Qg5 20. Kh1 Nf6 21. Ra4 Nfd7 22. Nxc8 Rbxc8 23. Ne4 Qg6 24. Nd2 Nd3 25. Be4 Nxb2 26. Bxg6 Nxd1 27. Rxd1 hxg6 28. Bxf4 Ne5 29. Bg3 c4 30. Bxe5 Bxe5 31. Nxc4 Rxf2 32. Nxe5 dxe5 33. d6 Rd8 34. Rc4 Rf6 35. d7 Kf7 36. Rc7 Ke7 37. Rxb7 e4 38. Rd4 e3 39. Re4+ Re6 40. Rxe6+ Kxe6 41. Kg1 Rf8 42. Rb3 Kxd7 43. Rxe3 Rf5 44. Ra3 Kc6 45. g4 Rf4 46. Kg2 Kb5 47. Kg3 Rc4 48. h4 Kc5 49. Re3 Kd5 50. Rb3 Ra4 51. Rb6 Rxa5 52. Rxg6 Ke5 53. h5 Ra3+ 54. Kh4 a5 55. h6 Ra1 56. Kg5 a4 57. Ra6 a3 58. h7 Rh1 59. Kg6 Kf4 60. Rxa3 Kxg4 61. Kg7 Kf5 1-0

[Event "Oberliga Wuerttemberg 1920"]
[Site "Wuerttemberg"]
[Date "2019.11.10"]
[Round "3.2"]
[White "Kuklin, Valentin"]
[Black "Braeuning, Rudolf Wilhelm"]
[Result "1-0"]
[WhiteElo "2335"]
[BlackElo "2246"]
[PlyCount "59"]
[EventDate "2019.09.15"]
[EventType "team-tourn"]
[EventRounds "9"]
[EventCountry "GER"]
[SourceTitle "EXT 2021"]
[Source "ChessBase"]
[SourceDate "2020.10.23"]
[SourceVersion "1"]
[SourceVersionDate "2020.10.23"]
[SourceQuality "1"]
[WhiteTeam "Boeblingen"]
[BlackTeam "Bebenhausen"]
[WhiteTeamCountry "GER"]
[BlackTeamCountry "GER"]

1. e4 c5 2. Nf3 Nc6 3. d4 cxd4 4. Nxd4 Nf6 5. Nc3 e5 6. Ndb5 d6 7. Bg5 a6 8. Na3 Be6 9. Nc4 Rc8 10. Nd5 Bxd5 11. Bxf6 Qxf6 12. Qxd5 Be7 13. c3 0-0 14. Be2 b5 15. Nb6 Rc7 16. 0-0 Rb8 17. Nd7 Rxd7 18. Qxc6 Ra7 19. b4 g6 20. a4 bxa4 21. Rxa4 Bd8 22. Rxa6 Rc7 23. Qd5 Rxc3 24. Rxd6 Qg5 25. Bc4 Qe7 26. Rd7 Qe8 27. Rxf7 Kh8 28. Re7 Bxe7 29. Qxe5+ Bf6 30. Qxf6# 1-0

[Event "Oberliga Wuerttemberg 1819"]
[Site "Wuerttemberg"]
[Date "2018.09.23"]
[Round "1"]
[White "Braeuning, Rudolf Wilhelm"]
[Black "Kuklin, Valentin"]
[Result "1/2-1/2"]
[WhiteElo "2273"]
[BlackElo "2376"]
[PlyCount "105"]
[EventDate "2018.09.23"]
[EventType "team-tourn"]
[EventRounds "9"]
[EventCountry "GER"]
[SourceTitle "EXT 2020"]
[Source "ChessBase"]
[SourceDate "2019.10.17"]
[SourceVersion "1"]
[SourceVersionDate "2019.10.17"]
[SourceQuality "1"]
[WhiteTeam "Bebenhausen"]
[BlackTeam "Boeblingen"]
[WhiteTeamCountry "GER"]
[BlackTeamCountry "GER"]

1. e4 e6 2. d4 d5 3. exd5 exd5 4. Nf3 Nf6 5. Bg5 Be7 6. Bd3 0-0 7. 0-0 Bg4 8. Re1 Nbd7 9. Nbd2 Re8 10. c3 Bh5 11. Qc2 Bg6 12. Bxg6 hxg6 13. Re2 Bd6 14. Rxe8+ Qxe8 15. Re1 Qb8 16. h3 c6 17. Re2 Qc7 18. Qd1 Re8 19. Rxe8+ Nxe8 20. Qe2 Kf8 21. c4 dxc4 22. Nxc4 Nef6 23. Nfe5 Nd5 24. Nxd6 Qxd6 25. Qg4 N5b6 26. Qh4 Ke8 27. Nd3 f6 28. Be3 Nd5 29. Qh8+ Qf8 30. Qh7 Kf7 31. Qh4 Qd6 32. Qg4 b6 33. Qf3 Kg8 34. a3 a5 35. Qe4 Kf7 36. Qh4 a4 37. Qg4 b5 38. Qf3 Kg8 39. Qe4 Kf7 40. Qf3 N5b6 41. Ne5+ Nxe5 42. dxe5 Qc7 43. exf6 gxf6 44. Bd4 Nd5 45. g3 Qd6 46. h4 c5 47. Be3 Nxe3 48. Qxe3 c4 49. Qc3 Qd1+ 50. Kg2 Qd5+ 51. Kf1 Qd1+ 52. Kg2 Qd5+ 53. Kf1 1/2-1/2

[Event "Boeblingen op 34th"]
[Site "Boeblingen"]
[Date "2017.12.29"]
[Round "6"]
[White "Kuklin, Valentin"]
[Black "Baldauf, Marco"]
[Result "0-1"]
[WhiteElo "2377"]
[BlackElo "2498"]
[PlyCount "74"]
[EventDate "2017.12.26"]
[EventType "swiss"]
[EventRounds "9"]
[EventCountry "GER"]
[SourceTitle "CBM 182 Extra"]
[Source "ChessBase"]
[SourceDate "2018.02.23"]
[SourceVersion "1"]
[SourceVersionDate "2018.02.23"]
[SourceQuality "1"]

1. e4 c5 2. Nc3 Nc6 3. Bb5 Nd4 4. Nf3 e6 5. 0-0 a6 6. Bd3 Nc6 7. a4 d6 8. Re1 g5 9. Rf1 Bg7 10. Bc4 h6 11. Ne2 d5 12. exd5 exd5 13. Ba2 Nge7 14. d4 c4 15. Ng3 0-0 16. h4 g4 17. Nh2 f5 18. Nh5 Ng6 19. Nxg7 Qxh4 20. Nxf5 Bxf5 21. b3 b5 22. c3 Rae8 23. Bb1 Bxb1 24. Rxb1 Rxf2 25. Rxf2 g3 26. Ng4 gxf2+ 27. Nxf2 b4 28. Bd2 bxc3 29. Bxc3 Nf4 30. Qf3 Ne2+ 31. Kf1 Ng3+ 32. Kg1 Ne2+ 33. Kf1 Qh2 34. Qxd5+ Kh8 35. Nh3 Qh1+ 36. Kf2 Qxb1 37. Qf7 Qe4 0-1

[Event "BL2-Sued 1718"]
[Site "Germany"]
[Date "2017.12.09"]
[Round "5.2"]
[White "Velten, Paul"]
[Black "Kuklin, Valentin"]
[Result "1-0"]
[WhiteElo "2444"]
[BlackElo "2380"]
[PlyCount "153"]
[EventDate "2017.10.21"]
[EventType "team-tourn"]
[EventRounds "10"]
[EventCountry "GER"]
[SourceTitle "CBM 183 Extra"]
[Source "ChessBase"]
[SourceDate "2018.04.19"]
[SourceVersion "1"]
[SourceVersionDate "2018.04.19"]
[SourceQuality "1"]
[WhiteTeam "Untergrombach"]
[BlackTeam "Boeblingen"]
[WhiteTeamCountry "GER"]
[BlackTeamCountry "GER"]

1. d4 Nf6 2. c4 c5 3. d5 e6 4. Nc3 exd5 5. cxd5 d6 6. h3 g6 7. Bf4 a6 8. e4 b5 9. Bd3 Bg7 10. Nf3 0-0 11. 0-0 Re8 12. Re1 Qb6 13. Rc1 Nbd7 14. a3 Nh5 15. Be3 Qd8 16. b4 Bb7 17. Bb1 Rc8 18. Qb3 Ne5 19. Nxe5 Bxe5 20. Ne2 cxb4 21. Qxb4 Qh4 22. a4 Bxd5 23. Qd2 Rxc1 24. Rxc1 Bxe4 25. Bg5 Bf4 26. Bxf4 Bxb1 27. Rxb1 Rxe2 28. Qxe2 Nxf4 29. Qe8+ Kg7 30. axb5 Qg5 31. Qe4 axb5 32. g3 Nh5 33. Qd3 Nf6 34. Qxd6 Qf5 35. Rb4 Qxh3 36. Qe5 Qc8 37. Qb2 Qe6 38. Rxb5 Kh6 39. Qd2+ Kg7 40. Qb2 Kh6 41. Qd4 Ng4 42. Rb1 Ne5 43. Qe3+ Kg7 44. Rb3 Ng4 45. Qxe6 fxe6 46. Rb7+ Kf6 47. Rxh7 g5 48. f3 Ne5 49. Kf2 Kg6 50. Re7 Kf6 51. Re8 Kf7 52. Ra8 Kf6 53. Ke3 Nc4+ 54. Kd3 Nd6 55. Ke2 Nf5 56. Kf2 Kg6 57. Kg2 Ne3+ 58. Kh3 Kf5 59. Ra5+ Kf6 60. Rc5 Nd5 61. Rc8 Ne3 62. Rg8 Kf5 63. f4 gxf4 64. Rf8+ Kg5 65. Rxf4 Nf5 66. Rg4+ Kf6 67. Re4 e5 68. Re1 Nd6 69. Kg4 Ke6 70. Kg5 Nf5 71. g4 Nd4 72. Kg6 Kd5 73. g5 e4 74. Kf6 Nf3 75. Rd1+ Kc4 76. g6 e3 77. Rc1+ 1-0

[Event "Oberliga Wuerttemberg 1617"]
[Site "Wuerttemberg"]
[Date "2017.04.23"]
[Round "11.2"]
[White "Kuklin, Valentin"]
[Black "Neyman, Igor"]
[Result "0-1"]
[WhiteElo "2346"]
[BlackElo "2274"]
[PlyCount "78"]
[EventDate "2016.09.25"]
[EventType "team-tourn"]
[EventRounds "11"]
[EventCountry "GER"]
[SourceTitle "EXT 2019"]
[Source "ChessBase"]
[SourceDate "2018.10.10"]
[SourceVersion "1"]
[SourceVersionDate "2018.10.10"]
[SourceQuality "1"]
[WhiteTeam "Boeblingen"]
[BlackTeam "Stuttgart SF"]
[WhiteTeamCountry "GER"]
[BlackTeamCountry "GER"]

1. e4 c5 2. Nc3 Nc6 3. g3 g6 4. Bg2 Bg7 5. d3 d6 6. Be3 Nf6 7. h3 0-0 8. Nge2 e5 9. 0-0 b5 10. Nxb5 Rb8 11. a4 a6 12. Na3 Rxb2 13. Nc4 Rb8 14. c3 Ne8 15. d4 exd4 16. cxd4 Rb4 17. Qd3 cxd4 18. Nxd4 Ne5 19. Nxe5 dxe5 20. Qa3 exd4 21. Bd2 Rb8 22. Bb4 Be6 23. Rab1 Qd7 24. Kh2 Rd8 25. Be7 Nd6 26. Bxd8 Rxd8 27. Rfd1 Nc4 28. Qb4 a5 29. Qb5 Bf8 30. Bf1 Na3 31. Qxd7 Bxd7 32. Ra1 Bxa4 33. Rd3 Bb5 34. Rdxa3 Bxf1 35. Rxa5 Be2 36. Rd5 Rxd5 37. exd5 d3 38. Ra2 Bb4 39. Rb2 d2 0-1

[Event "Oberliga Wuerttemberg 1617"]
[Site "Wuerttemberg"]
[Date "2017.04.02"]
[Round "10.2"]
[White "Jurek, Josef"]
[Black "Kuklin, Valentin"]
[Result "1/2-1/2"]
[WhiteElo "2295"]
[BlackElo "2346"]
[PlyCount "20"]
[EventDate "2016.09.25"]
[EventType "team-tourn"]
[EventRounds "11"]
[EventCountry "GER"]
[SourceTitle "EXT 2019"]
[Source "ChessBase"]
[SourceDate "2018.10.10"]
[SourceVersion "1"]
[SourceVersionDate "2018.10.10"]
[SourceQuality "1"]
[WhiteTeam "Schwaebisch Gmuend"]
[BlackTeam "Boeblingen"]
[WhiteTeamCountry "GER"]
[BlackTeamCountry "GER"]

1. Nf3 Nf6 2. c4 c5 3. g3 g6 4. Bg2 Bg7 5. 0-0 0-0 6. Nc3 Nc6 7. d4 cxd4 8. Nxd4 Ng4 9. e3 d6 10. b3 Nxd4 1/2-1/2

[Event "Oberliga Wuerttemberg 1617"]
[Site "Wuerttemberg"]
[Date "2017.03.19"]
[Round "9.1"]
[White "Pikula, Dejan"]
[Black "Kuklin, Valentin"]
[Result "1/2-1/2"]
[WhiteElo "2433"]
[BlackElo "2346"]
[PlyCount "74"]
[EventDate "2016.09.25"]
[EventType "team-tourn"]
[EventRounds "11"]
[EventCountry "GER"]
[SourceTitle "EXT 2019"]
[Source "ChessBase"]
[SourceDate "2018.10.10"]
[SourceVersion "1"]
[SourceVersionDate "2018.10.10"]
[SourceQuality "1"]
[WhiteTeam "Jedesheim"]
[BlackTeam "Boeblingen"]
[WhiteTeamCountry "GER"]
[BlackTeamCountry "GER"]

1. e4 e6 2. d4 d5 3. Nc3 Nf6 4. e5 Nfd7 5. f4 c5 6. Nf3 Be7 7. Be3 0-0 8. Qd2 b6 9. h4 a5 10. h5 Ba6 11. Bxa6 Rxa6 12. h6 g6 13. f5 cxd4 14. Bxd4 Nc6 15. fxe6 fxe6 16. 0-0-0 Nc5 17. Kb1 Ra8 18. Qe2 Qd7 19. Be3 Rf5 20. g4 Rf7 21. Bxc5 Bxc5 22. Ne4 Be7 23. Neg5 Rf4 24. c4 Rxg4 25. cxd5 Bxg5 26. dxc6 Qxc6 27. Rd6 Qc5 28. Qd3 Rc8 29. a3 Bxh6 30. Qb3 Kh8 31. Qxe6 Rg2 32. Ka1 Rxb2 33. Qf6+ Bg7 34. Rd8+ Rxd8 35. Qxd8+ Bf8 36. Qf6+ Bg7 37. Qd8+ Bf8 1/2-1/2

[Event "Boeblingen op 33rd"]
[Site "Boeblingen"]
[Date "2016.12.30"]
[Round "9"]
[White "Danielsen, Henrik"]
[Black "Kuklin, Valentin"]
[Result "1-0"]
[WhiteElo "2481"]
[BlackElo "2366"]
[PlyCount "97"]
[EventDate "2016.12.26"]
[EventType "swiss"]
[EventRounds "9"]
[EventCountry "GER"]
[SourceTitle "CBM 176 Extra"]
[Source "ChessBase"]
[SourceDate "2017.03.02"]
[SourceVersion "1"]
[SourceVersionDate "2017.03.02"]
[SourceQuality "1"]

1. e4 e6 2. d3 Nc6 3. Nf3 g6 4. d4 Bg7 5. c3 d5 6. e5 f6 7. exf6 Qxf6 8. Bb5 Bd7 9. 0-0 Nge7 10. Bg5 Qf7 11. Bxe7 Qxe7 12. Qe2 0-0 13. Nbd2 Rf5 14. Rfe1 Re8 15. Nf1 Qd6 16. Bxc6 Bxc6 17. Ng3 Rf6 18. Ne5 Ref8 19. f3 Bd7 20. Qe3 Bc8 21. c4 dxc4 22. Ne4 Qd5 23. Nxf6+ Bxf6 24. Rad1 b5 25. b3 Rd8 26. bxc4 bxc4 27. Ng4 Bg5 28. Qa3 Qd6 29. Qa5 Bh4 30. Re4 Be7 31. Ne3 Ba6 32. Qa4 c3 33. Qb3 Kf7 34. Qxc3 Bf6 35. Ng4 Bg7 36. Ne5+ Bxe5 37. Rxe5 Qxe5 38. dxe5 Rxd1+ 39. Kf2 Bb5 40. Qxc7+ Rd7 41. Qb8 Rd2+ 42. Ke3 Re2+ 43. Kf4 Be8 44. Qxa7+ Kg8 45. Qb8 Kf7 46. Qc7+ Kg8 47. Kg5 Rxg2+ 48. Kf6 Rf2 49. Qg7# 1-0

[Event "Boeblingen op 33rd"]
[Site "Boeblingen"]
[Date "2016.12.30"]
[Round "7"]
[White "Kuklin, Valentin"]
[Black "Fedorovsky, Michael"]
[Result "1/2-1/2"]
[WhiteElo "2366"]
[BlackElo "2472"]
[PlyCount "30"]
[EventDate "2016.12.26"]
[EventType "swiss"]
[EventRounds "9"]
[EventCountry "GER"]
[SourceTitle "CBM 176 Extra"]
[Source "ChessBase"]
[SourceDate "2017.03.02"]
[SourceVersion "1"]
[SourceVersionDate "2017.03.02"]
[SourceQuality "1"]

1. e4 e5 2. Nf3 Nc6 3. Bb5 a6 4. Ba4 Nf6 5. 0-0 b5 6. Bb3 Bc5 7. d3 d6 8. a4 Rb8 9. axb5 axb5 10. Be3 Bxe3 11. fxe3 0-0 12. Nbd2 Be6 13. c3 Qd7 14. Nh4 Ne7 15. Nhf3 h6 1/2-1/2

[Event "Oberliga Wuerttemberg 1617"]
[Site "Wuerttemberg"]
[Date "2016.10.30"]
[Round "3.1"]
[White "Mueller, Ralf1111"]
[Black "Kuklin, Valentin"]
[Result "0-1"]
[WhiteElo "2354"]
[BlackElo "2346"]
[PlyCount "58"]
[EventDate "2016.09.25"]
[EventType "team-tourn"]
[EventRounds "11"]
[EventCountry "GER"]
[SourceTitle "EXT 2019"]
[Source "ChessBase"]
[SourceDate "2018.10.10"]
[SourceVersion "1"]
[SourceVersionDate "2018.10.10"]
[SourceQuality "1"]
[WhiteTeam "Erdmannhausen"]
[BlackTeam "Boeblingen"]
[WhiteTeamCountry "GER"]
[BlackTeamCountry "GER"]

1. d4 Nf6 2. Nf3 c5 3. d5 e6 4. c4 exd5 5. cxd5 d6 6. Nc3 g6 7. h3 Bg7 8. Bf4 0-0 9. e3 a6 10. a4 Qe7 11. Nd2 Nbd7 12. Be2 Ne8 13. 0-0 Ne5 14. Rb1 g5 15. Bg3 f5 16. f4 Nd3 17. Bxd3 Qxe3+ 18. Bf2 Qxd3 19. fxg5 Nc7 20. Re1 Nxd5 21. Qb3 Qxd2 22. Nxd5 Kh8 23. Be3 Qa5 24. Bf4 Bd7 25. Nb6 Rae8 26. Rxe8 Rxe8 27. Nxd7 Re1+ 28. Rxe1 Qxe1+ 29. Kh2 Bd4 0-1

[Event "Oberliga Wuerttemberg 1617"]
[Site "Wuerttemberg"]
[Date "2016.09.25"]
[Round "1.2"]
[White "Braeuning, Rudolf Wilhelm"]
[Black "Kuklin, Valentin"]
[Result "0-1"]
[WhiteElo "2356"]
[BlackElo "2346"]
[PlyCount "30"]
[EventDate "2016.09.25"]
[EventType "team-tourn"]
[EventRounds "11"]
[EventCountry "GER"]
[SourceTitle "EXT 2019"]
[Source "ChessBase"]
[SourceDate "2018.10.10"]
[SourceVersion "1"]
[SourceVersionDate "2018.10.10"]
[SourceQuality "1"]
[WhiteTeam "Bebenhausen"]
[BlackTeam "Boeblingen"]
[WhiteTeamCountry "GER"]
[BlackTeamCountry "GER"]

1. d4 Nf6 2. Nc3 c5 3. dxc5 e6 4. e4 Qa5 5. e5 Ne4 6. Qg4 Nxc3 7. Bd2 Qa4 8. Bc4 Nd5 9. 0-0-0 b5 10. cxb6 Nxb6 11. Be2 Qxa2 12. Bc3 Ba6 13. Nh3 Bxe2 14. Qxe2 Nc4 15. Qxc4 Qxc4 0-1

[Event "Oberliga Sued W 1213"]
[Site "Germany"]
[Date "2012.11.25"]
[Round "3.2"]
[White "Lang, Torsten"]
[Black "Kuklin, Valentin"]
[Result "1/2-1/2"]
[WhiteElo "2347"]
[BlackElo "2346"]
[PlyCount "108"]
[EventDate "2012.10.21"]
[EventType "team-tourn"]
[EventRounds "9"]
[EventCountry "GER"]
[SourceTitle "EXT 2019"]
[Source "ChessBase"]
[SourceDate "2018.10.10"]
[SourceVersion "1"]
[SourceVersionDate "2018.10.10"]
[SourceQuality "1"]
[WhiteTeam "Landau"]
[BlackTeam "Saarbruecken SVG"]
[WhiteTeamCountry "GER"]
[BlackTeamCountry "GER"]

1. d4 Nf6 2. Bf4 c5 3. e3 g6 4. Nf3 Bg7 5. c3 b6 6. Nbd2 0-0 7. a4 Bb7 8. Be2 d6 9. 0-0 Ne4 10. a5 Nd7 11. Qa4 Nxd2 12. Nxd2 cxd4 13. cxd4 e5 14. Bg3 exd4 15. exd4 bxa5 16. Bf3 Bxf3 17. Nxf3 Nf6 18. Rfe1 Rb8 19. Qxa5 Rxb2 20. Qa3 Rb6 21. Qxa7 Rc6 22. h3 h6 23. Re7 Qb6 24. Nh4 Qxa7 25. Raxa7 Nd5 26. Nxg6 Rc1+ 27. Kh2 Nxe7 28. Nxe7+ Kh7 29. Nf5 Kg6 30. Bxd6 Rd8 31. g4 Rxd6 32. Nxd6 Bxd4 33. Ra6 Be5+ 34. Kg2 Bxd6 35. Rxd6+ Kg7 36. Kg3 Ra1 37. h4 Ra4 38. f3 Rb4 39. Rd5 Kg6 40. Ra5 Rc4 41. Ra6+ Kg7 42. Ra5 Kg6 43. g5 hxg5 44. Rxg5+ Kh6 45. f4 Rb4 46. Kg4 Rb6 47. Kf5 Ra6 48. Rg2 Rb6 49. Ra2 Kg7 50. h5 Kh6 51. Ra7 Kg7 52. Kg5 Rc6 53. f5 Rb6 54. Ra8 f6+ 1/2-1/2

[Event "BL2-Sued 1112"]
[Site "Germany"]
[Date "2011.12.11"]
[Round "4.1"]
[White "Kuklin, Valentin"]
[Black "Mista, Aleksander"]
[Result "0-1"]
[WhiteElo "2340"]
[BlackElo "2561"]
[PlyCount "102"]
[EventDate "2011.10.02"]
[EventType "team-tourn"]
[EventRounds "9"]
[EventCountry "GER"]
[SourceTitle "EXT 2015"]
[Source "ChessBase"]
[SourceDate "2014.11.20"]
[SourceVersion "1"]
[SourceVersionDate "2014.11.20"]
[SourceQuality "1"]
[WhiteTeam "Saarbruecken"]
[BlackTeam "Griesheim"]
[WhiteTeamCountry "GER"]
[BlackTeamCountry "GER"]

1. e4 e5 2. Nf3 Nc6 3. Bb5 a6 4. Ba4 Nf6 5. 0-0 b5 6. Bb3 Bb7 7. d3 Bd6 8. a3 0-0 9. Nc3 Re8 10. Ng5 Re7 11. Nd5 Nxd5 12. Bxd5 h6 13. Qh5 hxg5 14. Bxg5 Qe8 15. Bxe7 Qxe7 16. f4 exf4 17. Rf3 Qf6 18. Rh3 g6 19. Qh7+ Kf8 20. c3 Ra7 21. Rf1 Qg7 22. d4 Qxh7 23. Rxh7 Kg8 24. Rxf7 Nxd4 25. Ba2 Nc6 26. R7xf4+ Kg7 27. Rf7+ Kh6 28. Rxd7 Ne5 29. Rd8 Bxe4 30. Bb1 Bc6 31. Re1 a5 32. Be4 b4 33. axb4 axb4 34. Bxc6 Nxc6 35. Rh8+ Kg7 36. Rh4 Ra2 37. Rb1 bxc3 38. bxc3 Rc2 39. Rh3 Ne5 40. Rg3 Nc4 41. Rd3 Nd2 42. Re1 Bc5+ 43. Kh1 Ne4 44. Rd7+ Kh6 45. h3 Bd6 46. Rd8 Ng3+ 47. Kg1 Ne2+ 48. Kf1 Nxc3 49. Kg1 Ne2+ 50. Kh1 Nf4 51. g3 Nh5 0-1